000 00505nam a22001697a 4500
005 20250418143030.0
008 250418b |||||||| |||| 00| 0 eng d
020 _a9789360801137
040 _aSDCL
_cSDCL
041 _2eng
_aeng
084 _aV:(T).2'L R4
100 _aKakkar, Ankur
_9752432
245 _aDayanand anglo-vedic school of Lahore :
_bA study of educational reform in colonial Punjab, C. 1885-1925
260 _aNew Delhi :
_bManohar,
_c2024.
300 _a310p.
942 _2CC
_cTEXL
_n0
999 _c1309144
_d1309144